000 00666nam a22002297a 4500
008 130618b xxu||||| |||| 00| 0 eng d
020 _a0-521-34895-1
040 _ambstu library
_dmbstu library
050 _a
082 _222
_a808.025 BRW
100 _aBrown,Kristian
110 _aHood, Susan
245 _aWriting Matters
260 _aNew York
_bCambridge University
_c2003
300 _a18.5 cm
_b149 page
_f1
_g18.5 cm
600 _awriting for publications
700 _aHood, Susan
270 _aNew York
_bNew York
_dUSA
365 _b1055.00
_d1055.00
942 _2ddc
_cBK
999 _c497
_d497